The United States and the demands of detente diplomacy : a conference report.

Bibliographic Details
Format: Book
Language:English
Published: Philadelphia, Penn. : Foreign Policy Research Institute, 1973.
Series:Monograph series (Foreign Policy Research Institute) ; no. 14.
Subjects:

MARC

Tag First Indicator Second Indicator Subfields
LEADER 00000cam a2200000 a 4500
001 in00000076584
005 20151008053720.0
008 741204s1973 pau 00000 engmd
010 |a  73080921  
035 |a (OCoLC)01099267 
035 |9 AAH8401AM 
040 |a XFM  |c XFM  |d m.c.  |d TXA  |d UtOrBLW 
043 |a n-us---  |a e------  |a e-ur--- 
049 |a TXAM  |c [1500086] 
090 |a D1065.U5  |b U5 
245 0 4 |a The United States and the demands of detente diplomacy :  |b a conference report. 
264 1 |a Philadelphia, Penn. :  |b Foreign Policy Research Institute,  |c 1973. 
300 |a vi, 58 pages ;  |c 23 cm. 
336 |a text  |b txt  |2 rdacontent 
337 |a unmediated  |b n  |2 rdamedia 
338 |a volume  |b nc  |2 rdacarrier 
490 1 |a Research monograph series ;  |v no.14 
504 |a Includes bibliographical references. 
651 0 |a United States  |x Foreign relations  |z Europe. 
651 0 |a Europe  |x Foreign relations  |z United States. 
651 0 |a Soviet Union  |x Foreign relations  |z United States. 
651 0 |a United States  |x Foreign relations  |z Soviet Union. 
830 0 |a Monograph series (Foreign Policy Research Institute) ;  |v no. 14. 
999 |a MARS 
999 f f |s cd476b3e-8504-3ec9-80ed-94bdf4d7703c  |i c7f91a38-500b-3ffb-a3d1-57346b53ca0b  |t 0 
952 f f |p ric  |a Texas A&M University  |b Rellis Campus  |c Joint Library Facility  |d Remote Storage  |t 0  |e D1065.U5 U5  |h Library of Congress classification  |i unmediated -- volume  |m A14806096064 
998 f f |a D1065.U5 U5  |t 0  |l Remote Storage